000 00683nam a2200241Ia 4500
003 OSt
005 20220926021050.0
006 a|||||r|||| 00| 0
007 ta
008 220923b |||||||| |||| 00| 0 eng d
037 _cGeneral Book
040 _aRTL
_cRTL
_beng
041 _2eng
_aeng
082 _aX62:8J, K9
110 _aAmerican Institute of Certified Public Accountants
245 0 _aAudits of banks
_b Supplement
260 _aNew York
_bThe Author U S A
_c1969
300 _av, 171p.
_ccm.
650 _aBank
700 _aAmerican Institute of Certified Public Accountants
942 _hX62:8J, K9
_cGB
_2CC
999 _c635667
_d635667